1110 1076 1601 1565 1571 1165 1326 1095 1571 1212 1807 1154 1778 1430 1371 1540 1657 1202 1168 1619 1642 1524 1024 1176 1541 1190 1856 1561 1622 1954 1557 1475 1109 1472 1445 1017 1876 1055 1160 1495 1620 1049 1030 1107 1603 1646 1554 1374 1799 1941 1939 1330 1499 1714 1616 1361 1895 1711 1022 1578 1879 1786 1344 1095 1006 1385 1994 1759 1100 1151 1681 1952 1924 1501 1480 1571 1302 1792 1516 1789 1924 1468 1890 1409 1698 1706 1072 1955 1319 1943 1534 1158 1870 1483 1839 1909 1446 1679 1603 BCNSPRNW ULIB Ver.6.0+V

เปลี่ยนเป็นภาษาไทย

Change to English
 แสดงรายละเอียดบรรณานุกรม
  กลับหน้าหลัก

Brief Record : Get Marc (ISO 2709) : E-mail record : QR code < ปิดหน้าต่าง
LEADER : 00000nam 2200000uu 4500
001    13399119958
003     ULIB
008    120817s2546||||th 000 0 tha d
020    ^a9749173902
041 0  ^atha/eng
050  4 ^aPN^bป328บ 2546
100 0  ^aประพิศ พงศ์พานิช
245 10 ^aบทสนทนาภาษาอังกฤษสำหรับบุคลากรทางการแพทย์.^nbook two =^bEnglish for the medical profession : doctors, nurses,students, everyone involved in health care /^c[คณะผู้จัดทำ, ประพิศ พงษ์พานิช, บ็อบ ก็อดสัน]
246 14 ^aEnglish for the medical profession in patients :^bบทสนทนาภาษาอังกฤษสำหรับบุคลากรทางการแพทย์
246 31 ^aEnglish for the medical profession : doctors, nurses,students, everyone involved in health care
250    ^aพิมพ์ครั้งที่ 2
260    ^aกรุงเทพฯ :^bโรงพยาบาลบีเอ็นเอช(บางกอกเนอสซิ่งโฮม),^c2546
300    ^a139 หน้า :^bภาพประกอบ ;^c22 ซม.
650  4 ^aภาษาอังกฤษ^xบทสนทนาและวลี
653    ^aOpen Your Eyes Project
700 1  ^aก็อดสัน, บ็อบ
945    ^p0^l0^i13837
945    ^p0^l0^i13482
945    ^p0^l0^i13483
945    ^p0^l0^i13484
945    ^p0^l0^i13486
945    ^p0^l0^i13487
945    ^p0^l0^i13488
945    ^p0^l0^i13489
945    ^p0^l0^i13490
945    ^p0^l0^i13835
945    ^p0^l0^i13838
945    ^p0^l0^i13839
945    ^p0^l0^i24188
945    ^p0^l0^i12221
995    ^aกัณชพร
999    ^aใช้งานได้ทุกระบบ
รายการนี้ยังไม่มีแท็ก
คุณยังไม่ได้ล็อกอิน คุณสามารถมีกิจกรรมร่วมกับเว็บไซต์ได้ แต่ต้องล็อกอินก่อน ::
  ล็อกอิน

รายการสื่อสารสนเทศ

ลำดับที่ ประเภท เลขเรียก/บาร์โค้ด สถานที่ สถานะ
1. วิทยาศาสตร์การแพทย์ และสุขภาพ
วิทยาศาสตร์การแพทย์ และสุขภาพ
PN ป328บ 2546 ฉ.10 
  Barcode: 13835
ห้องสมุดวิทยาเขตสวรรค์ประชารักษ์
►หนังสือทั่วไป
บนชั้น
2. วิทยาศาสตร์การแพทย์ และสุขภาพ
วิทยาศาสตร์การแพทย์ และสุขภาพ
PN ป328บ 2546 ฉ.11 
  Barcode: 13838
ห้องสมุดวิทยาเขตสวรรค์ประชารักษ์
►หนังสือทั่วไป
บนชั้น
3. วิทยาศาสตร์การแพทย์ และสุขภาพ
วิทยาศาสตร์การแพทย์ และสุขภาพ
PN ป328บ 2546 ฉ.12 
  Barcode: 13839
ห้องสมุดวิทยาเขตสวรรค์ประชารักษ์
►หนังสือทั่วไป
บนชั้น
4. วิทยาศาสตร์การแพทย์ และสุขภาพ
วิทยาศาสตร์การแพทย์ และสุขภาพ
PN ป328บ 2546 ฉ.13 
  Barcode: 24188
ห้องสมุดวิทยาเขตสวรรค์ประชารักษ์
►หนังสือทั่วไป
บนชั้น
5. การศึกษาทั่วไป
การศึกษาทั่วไป
PN ป328บ 2546 ฉ.14 
  Barcode: 12221
ห้องสมุดวิทยาเขตนครสวรรค์
►หนังสือทั่วไป:l:General Books
บนชั้น
6. วิทยาศาสตร์การแพทย์ และสุขภาพ
วิทยาศาสตร์การแพทย์ และสุขภาพ
PN ป328บ 2546 ฉ.2 
  Barcode: 13482
ห้องสมุดวิทยาเขตสวรรค์ประชารักษ์
►หนังสือทั่วไป
บนชั้น
7. วิทยาศาสตร์การแพทย์ และสุขภาพ
วิทยาศาสตร์การแพทย์ และสุขภาพ
PN ป328บ 2546 ฉ.3 
  Barcode: 13483
ห้องสมุดวิทยาเขตสวรรค์ประชารักษ์
►หนังสือทั่วไป
บนชั้น
8. วิทยาศาสตร์การแพทย์ และสุขภาพ
วิทยาศาสตร์การแพทย์ และสุขภาพ
PN ป328บ 2546 ฉ.4 
  Barcode: 13484
ห้องสมุดวิทยาเขตสวรรค์ประชารักษ์
►หนังสือทั่วไป
บนชั้น
9. วิทยาศาสตร์การแพทย์ และสุขภาพ
วิทยาศาสตร์การแพทย์ และสุขภาพ
PN ป328บ 2546 ฉ.5 
  Barcode: 13486
ห้องสมุดวิทยาเขตสวรรค์ประชารักษ์
►หนังสือทั่วไป
บนชั้น
10. วิทยาศาสตร์การแพทย์ และสุขภาพ
วิทยาศาสตร์การแพทย์ และสุขภาพ
PN ป328บ 2546 ฉ.6 
  Barcode: 13487
ห้องสมุดวิทยาเขตสวรรค์ประชารักษ์
►หนังสือทั่วไป
บนชั้น
11. วิทยาศาสตร์การแพทย์ และสุขภาพ
วิทยาศาสตร์การแพทย์ และสุขภาพ
PN ป328บ 2546 ฉ.7 
  Barcode: 13488
ห้องสมุดวิทยาเขตสวรรค์ประชารักษ์
►หนังสือทั่วไป
บนชั้น
12. วิทยาศาสตร์การแพทย์ และสุขภาพ
วิทยาศาสตร์การแพทย์ และสุขภาพ
PN ป328บ 2546 ฉ.8 
  Barcode: 13489
ห้องสมุดวิทยาเขตสวรรค์ประชารักษ์
►หนังสือทั่วไป
บนชั้น
13. วิทยาศาสตร์การแพทย์ และสุขภาพ
วิทยาศาสตร์การแพทย์ และสุขภาพ
PN ป328บ 2546 ฉ.9 
  Barcode: 13490
ห้องสมุดวิทยาเขตสวรรค์ประชารักษ์
►หนังสือทั่วไป
บนชั้น

รายการใกล้เคียง
    ผู้แต่ง [ประพิศ พงศ์พานิช]

BibComment


ยังไม่เคยถูกคอมเมนท์

คอมเมนท์ทรัพยากรรายการนี้
  คอมเมนท์: บทสนทนาภาษาอังกฤ..


 Copyright 2026. Bcnsprnw @Library